Best Defensive Backs of All Time - Statistics

General Stats
  • This quiz has been taken 17 times
  • The average score is 9 of 59
Answer Stats
Hint Answer % Correct
Dallas Cowboys Deion Sanders
77%
Baltimore Ravens Ed Reed
77%
Seattle Seahawks Richard Sherman
69%
Oakland Raiders Charles Woodson
62%
Pittsburgh Steelers Rod Woodson
62%
San Francisco 49ers Ronnie Lott
62%
Pittsburgh Steelers Troy Polamalu
62%
Detroit Lions Night Train Lane
46%
Denver Broncos Champ Bailey
38%
Seattle Seahawks Earl Thomas
38%
Pittsburgh Steelers Mel Blount
31%
New England Patriots Ty Law
31%
Denver Broncos Aqib Talib
23%
San Francisco 49ers John Lynch
23%
Arizona Cardinals Aeneas Williams
15%
Philadelphia Eagles Brian Dawkins
15%
New York Jets Darelle Revis
15%
Washington Redskins Darrell Green
15%
San Francisco 49ers Jimmy Johnson
15%
Seattle Seahawks Kam Chancellor
15%
St. Louis Cardinals Larry Wilson
15%
Arizona Cardinals Patrick Peterson
15%
Tampa Bay Buccaneers Ronde Barber
15%
Kansas City Chiefs Eric Berry
8%
San Diego Chargers Eric Weddle
8%
Seattle Seahawks Kenny Easley
8%
Oakland Raiders Lester Hayes
8%
Los Angeles Raiders Mike Haynes
8%
Minnesota Vikings Paul Krause
8%
Denver Broncos Willie Brown
8%
Kansas City Chiefs Albert Lewiss
0%
Green Bay Packers Bobby Dillon
0%
Pittsburgh Steelers Carnell Lake
0%
Dallas Cowboys Charlie Waters
0%
Dallas Cowboys Cliff Harris
0%
Green Bay Packers Darren Sharper Safe
0%
Dallas Cowboys Darren Woodson Safe
0%
Denver Broncos Dennis Smith
0%
Miami Dolphins Dick Anderson
0%
Detroit Lions Dick LeBeau
0%
Pittsburgh Steelers Donnie Shell
0%
Los Angeles Rams Ed Meador
0%
New York Giants Emlen Tunnell
0%
Green Bay Packers Herb Adderley
0%
Detroit Lions Jack Christiansen
0%
Oakland Raiders Jack Tatum
0%
Miami Dolphins Jake Scott
0%
Minnesota Vikings Joey Browner
0%
Kansas City Chiefs Johnny Robinson
0%
Washington Redskins Ken Houston
0%
Detroit Lions Lem Barney
0%
Green Bay Packers LeRoy Butler
0%
Dallas Cowboys Mel Renfro
0%
Los Angeles Rams Nolan Cromwell
0%
New England Patriots Rodney Harrison
0%
St. Louis Cardinals Roger Wehrli
0%
Denver Broncos Steve Atwater
0%
Green Bay Packers Willie Wood
0%
Detroit Lions Yale Lary
0%
No matching quizzes found
Score Distribution
Percent of People with Each Score
Percentile by Number Answered
Your Score History
You have not taken this quiz